Hudba v obchodním prostředí. Představy zaměstnanců obchodní sféry a postoje zákazníků

Dve štúdie zaoberajúce sa vzťahom k hudbe v obchodnom prostredí. V prvej štúdii je dotazovaná vzorka zamestnancov obchodov a reštaurácií na ich názory na funkciu hudby v obchodnom prostredí. Faktorová analýza ukázala, že existujú 4 základné kategórie postojov. V druhej štúdii bolina vzorke zákazní...

Full description

Saved in:
Bibliographic Details
Main Author: Franěk, Marek
Other Authors: Mužík, Pavel
Format: Book Chapter
Language:Czech
Subjects:
Tags: Add Tag
No Tags, Be the first to tag this record!

MARC

LEADER 00000naa$a2200000$$$4500
001 0041600
005 20231107071437.8
041 0 |a cze 
044 |a CZ 
245 1 0 |a Hudba v obchodním prostředí. Představy zaměstnanců obchodní sféry a postoje zákazníků  |c Marek Franěk, Pavel Mužík 
520 |a Dve štúdie zaoberajúce sa vzťahom k hudbe v obchodnom prostredí. V prvej štúdii je dotazovaná vzorka zamestnancov obchodov a reštaurácií na ich názory na funkciu hudby v obchodnom prostredí. Faktorová analýza ukázala, že existujú 4 základné kategórie postojov. V druhej štúdii bolina vzorke zákazníkov skúmané faktory, ktoré ovplyvňujú zákazníkovu nespokojnosť s hudbou v obchodnom prostredí. Metodológia výskumu. 
610 2 0 |a hypermarkety 
610 2 0 |a supermarkety 
610 2 0 |a hudba 
610 2 0 |a výskum 
610 2 0 |a zamestnanci 
610 2 0 |a zákazníci 
610 2 0 |a postoje 
610 2 0 |a analýza faktorová 
610 2 0 |a metodológia 
610 2 0 |a dotazníky 
100 1 |a Franěk, Marek 
700 1 |a Mužík, Pavel